01157nam a2200217 a 4500008004100000020001500041041000800056092002100064100002600085245003500111250001100146260003700157300001100194500007400205505030700279590006300586655001800649942001300667999001500680952024400695 t1984 ag |||g |||| 000 0 spa d a9505470347 aspa c808.068l78sSHU1 aShua, Ana Maria92936 3aLa sueñera /cAna Maria Shua a1a ed. aBuenos Aires:bMinotauro;c1984. a109 p. aShua, A. M. (1984). La sueñera. (1a ed.). Buenos Aires : Minotauro. aUn lector compra La sueñera, un libro que contiene 250 textos. Esa noche alcanza a leer los cinco primeros. En el sexto se queda dormido. Palabra por palabra, punto por punto, sueña los 244 restantes. Pero nunca lo sabrá. Por eso vuelve al libro todas las noches. Lo mismo le sucederá a usted.  aDonación Quadrini Liliana. Proyecto Literatura 4to libro aCuentos92945 2ddccLIT c2467d2467 00102ddc40708NFICaBFMbBFMcCRd2017-09-25eDonacion Quadrini Liliana .Proyecto 4to libro setiembre 2017.l0o808.068 78 SHUp3940r2017-09-25tEJ.1w2017-09-25yLITzProyecto 4to libro. Donación Quadrini Liliana, septiembre 2017.